| 000 | 00496nmm a22001817a 4500 | ||
|---|---|---|---|
| 005 | 20170120192434.0 | ||
| 008 | 150618b xxu||||| |||| 00| 0 spa d | ||
| 041 | _aspa | ||
| 082 | _aMD 257 | ||
| 100 |
_aHogg Jiménez, Melissa _93123 |
||
| 245 | _aInforme de práctica supervisada realizado en Laboratorio Zentrale Schumus | ||
| 260 | _c2015 | ||
| 300 | _a102 páginas | ||
| 650 |
_aMECÁNICA DENTAL _936739 |
||
| 650 |
_aIMPLANTES DENTALES _936740 |
||
| 650 |
_aCORONAS _93126 |
||
| 942 | _cIP | ||
| 999 |
_c6251 _d6251 |
||